000 00453nam a22001697a 4500
003 OSt
005 20220210111114.0
008 220210b |||||||| |||| 00| 0 eng d
020 _a0-443-08529-3
040 _aDDC
_cHU
082 _21ST
_a618.1
_b1
100 _aSTEVEN G.GABBE
_930139
245 _aSTUDY GUIDE FOR OBSTETRICS NORMAL AND PROBLEM PREGNANCIES
250 _a1ST
260 _aNEW YORK
_bCHURCHILL LIVINGSTONE
_c1988
942 _2ddc
_cBOOKS
_n0
999 _c29823
_d29823